000
00341 a2200157 4500
001
154143
040
_c
Escola São Tomás de Aquino
100
_a
ALBUQUERQUE, Aníbal
240
1
0
_a
Atalaia
_l
por
245
1
0
_a
Atalaia
300
_a
123
362
0
_a
1996
440
1
_a
João Scortecci
697
_a
LITERATURA BRASILEIRA
942
_c
BK
999
_c
154143
_d
154143